000 00298nam a22001337a 4500
008 170527b xxu||||| |||| 00| 0 eng d
020 _a024933019953
041 _aeng
080 _a62
100 _a26
101 _aIM
245 _aOIL AND THE FUTURE OF ENERGY
_cCAMPBELL, C.J
942 _2udc
_cBK
999 _c14652
_d14652